Teach to the difference : cross-cultural studies in Australian education /

Bibliographic Details
Main Author: Francis, Russell, 1937-
Format: Book
Language:English
Published: St. Lucia [Brisbane] ; New York : University of Queensland Press, [1981]
Subjects:

MARC

Tag First Indicator Second Indicator Subfields
LEADER 00000pam a2200000 a 4500
001 in00000081021
005 20151008055357.0
008 810408s1981 at b b s00010 eng
010 |a  81003421  
020 |a 0702215422 
020 |a 0702215430 (pbk.) 
035 |a (OCoLC)07460092 
035 |9 AAJ3305AM 
039 0 |a 2  |b 3  |c 3  |d 3  |e 3 
040 |a DLC  |c DLC  |d TXA  |d UtOrBLW 
043 |a u-at--- 
049 |a TXAM  |c [387695] 
050 0 0 |a LA132  |b .F69 
082 0 |a 370/.994  |2 19 
100 1 |a Francis, Russell,  |d 1937- 
245 1 0 |a Teach to the difference :  |b cross-cultural studies in Australian education /  |c Russell Francis. 
264 1 |a St. Lucia [Brisbane] ;  |a New York :  |b University of Queensland Press,  |c [1981] 
264 4 |c ©1981 
300 |a 195 pages :  |b map ;  |c 23 cm. 
336 |a text  |b txt  |2 rdacontent 
337 |a unmediated  |b n  |2 rdamedia 
338 |a volume  |b nc  |2 rdacarrier 
504 |a Includes bibliographical references. 
650 0 |a Comparative education. 
650 0 |a Education  |z Australia  |x Case studies. 
650 0 |a Students  |z Australia  |x Social conditions  |x Case studies. 
651 0 |a Developing countries  |x Case studies. 
999 |a MARS 
999 f f |s 986f1614-3ab6-3e89-9786-2e15f06fdf7c  |i d55dbfce-f816-3ac1-868b-52b3c072b6e1  |t 0 
952 f f |p normal  |a Texas A&M University  |b College Station  |c Sterling C. Evans Library  |d Evans: Library Stacks  |t 0  |e LA132 .F69  |h Library of Congress classification  |i unmediated -- volume  |m A14806158345 
998 f f |a LA132 .F69  |t 0  |l Evans: Library Stacks